Gestion optimale de l'octroi du micro crédit aux plus pauvres par les partenaires stratégiques du FNM: (Record no. 47424)
[ view plain ]
| 000 -LEADER | |
|---|---|
| fixed length control field | 00954nam a22002417a 4500 |
| 003 - CONTROL NUMBER IDENTIFIER | |
| control field | 0 |
| 005 - DATE AND TIME OF LATEST TRANSACTION | |
| control field | 20160609165645.0 |
| 008 - FIXED-LENGTH DATA ELEMENTS--GENERAL INFORMATION | |
| fixed length control field | 100724t xxu||||| |||| 00| 0 eng d |
| 040 ## - SOURCE DU CATALOGAGE | |
| Original cataloging agency | BUAC |
| Language of cataloging | Fr |
| Transcribing agency | ENEAM |
| 100 ## - VEDETTE PRINCIPALE - NOM DE PERSONNE | |
| Personal name | ALMEIDA de, Florisse |
| 9 (RLIN) | 7457 |
| 110 ## - VEDETTE PRINCIPALE - NOM DE COLLECTIVITE | |
| Corporate name or jurisdiction name as entry element | APHEDD-BAVEC |
| Subordinate unit | FNM |
| 9 (RLIN) | 7458 |
| 245 ## - TITLE STATEMENT | |
| Title | Gestion optimale de l'octroi du micro crédit aux plus pauvres par les partenaires stratégiques du FNM: |
| Remainder of title | cas de l'APHEDD-BAVEC |
| Statement of responsibility, etc | / Florisse, ALMEIDA de, Romaric, MINAVOA |
| 260 ## - PUBLICATION, DISTRIBUTION, ETC. (IMPRINT) | |
| Place of publication, distribution, etc | Cotonou: |
| Name of publisher, distributor, etc | ENEAM, |
| Date of publication, distribution, etc | 2009 |
| 300 ## - PHYSICAL DESCRIPTION | |
| Extent | 54 p. |
| 500 ## - GENERAL NOTE | |
| General note | Mémoire de fin de formation (cycle I) : ENEAM, pour l'obtention du Diplôme de Technicien Supérieur (DTS) Gestion des Banques. |
| 501 ## - WITH NOTE | |
| With note | Publié avec la version électronique du mémoire. |
| 504 ## - BIBLIOGRAPHY, ETC. NOTE | |
| Bibliography, etc | Comprend: bibliogr. |
| 600 ## - SUBJECT ADDED ENTRY--PERSONAL NAME | |
| Personal name | MINAVOA, Romaric |
| 9 (RLIN) | 7459 |
| 650 ## - SUBJECT ADDED ENTRY--TOPICAL TERM | |
| Topical term or geographic name as entry element | GESTION DES BANQUES |
| 9 (RLIN) | 7460 |
| 650 ## - SUBJECT ADDED ENTRY--TOPICAL TERM | |
| Topical term or geographic name as entry element | GESTION OPTIMALE DES MICRO CREDITS |
| 9 (RLIN) | 7461 |
| 650 ## - SUBJECT ADDED ENTRY--TOPICAL TERM | |
| Topical term or geographic name as entry element | PAUVRES |
| 9 (RLIN) | 7462 |
| 942 ## - ADDED ENTRY ELEMENTS (KOHA) | |
| Koha item type | Thèse et Memoire |
| Withdrawn status | Lost status | Damaged status | Not for loan | Location (home branch) | Sublocation or collection (holding branch) | Date acquired | Koha issues (times borrowed) | Koha full call number | Koha date last seen | Copy number | Price effective from | Koha item type | Public note |
|---|---|---|---|---|---|---|---|---|---|---|---|---|---|
| Bibliothèque de l'Ecole Nationale d'Economie Appliquée et de Management | Bibliothèque de l'Ecole Nationale d'Economie Appliquée et de Management | 24/07/2010 | 2009/BAN/004 | 24/07/2010 | 004 | 24/07/2010 | Thèse et Memoire | Exclu du prêt |